| 000 | 01035cam a22002055a 4500 | ||
|---|---|---|---|
| 001 | L138053 | ||
| 008 | 070514e2007 xxk f 100 0 eng d | ||
| 035 | _a(Sirsi) u138053 | ||
| 041 | 0 | _aeng | |
| 100 | 1 | _aLin, Vickey Chiu-Chin | |
| 245 | 0 | 0 |
_aHedonic model of court auction residential housing market in the Taipei metropolitan area _h[electronic resource] |
| 260 | _c2005 | ||
| 490 | 0 |
_aCOBRA _v2005 |
|
| 520 | _aReports that court auction of real estate in the Taiwanese domestic residential housing market accounts for a high level of market share. Reports that the high returns ratio has been the driving force behind the entry of investors into the market. | ||
| 651 | 4 | _aTAIWAN | |
| 690 | _aPROPERTY-RESIDENTIAL PROPERTY-AUCTIONEERING RESIDENTIAL PROPERTY | ||
| 711 | 2 |
_aConstruction and Building Research Conference _n10th _cUniversity of Queensland, Brisbane _d4-5 July 2005 |
|
| 856 | 4 | 0 |
_uhttps://www.rics.org/RICSWEB/getpage.aspx?p=-ye0hcuMh06y6uItEuEbgA _zView the item free of charge at www.rics.org... |
| 942 | _n0 | ||
| 999 |
_c106987 _d106987 |
||